| 000 | 00617nam a2200229 a 4500 | ||
|---|---|---|---|
| 005 | 20210219153203.0 | ||
| 008 | 991125n 000 0 u | ||
| 035 | _aUPN01000083170 | ||
| 100 | _aVaughan, George B. | ||
| 222 | _aEDUCATIONAL RECORD | ||
| 245 | _aInstitutions on the edge : America's community colleges | ||
| 300 | _a30-33 | ||
| 362 | _a72, No. 2, 1991 | ||
| 505 | _aOctubre 1991 | ||
| 653 | 0 | _aCAMBIO EDUCATIVO | |
| 653 | 0 | _aCAMBIO SOCIAL | |
| 653 | 0 | _aCOLEGIOS COMUNITARIOS | |
| 653 | 0 | _aMISION INSTITUCIONAL | |
| 653 | 0 | _aROL DE LA ESCUELA | |
| 904 |
_aAC _b020981 |
||
| 905 | _aArticulo | ||
| 999 |
_c70552 _d70552 |
||